MDQL
is popping MORE tags! Check the
thread
!
Quizzes
Events
Quiz Creation
Community
Videos
Private Events
Remove Ads
Sign In
Join for FREE
Feedback
Dark Mode
Quiz Categories
Sports
Geography
Music
Movies
Television
Just For Fun
Miscellaneous
History
Literature
Language
Science
Gaming
Entertainment
Religion
Holiday
For Kids
Quiz Lab
Recent
Popular Today
Quiz Kudos Today
Editor Picks
Curator Picks
Quizzes by...
Day
Popularity
Type
Ratings
Length
Year
Community
Subscriptions
Recent Discussions
Orange Saloon
Badges
Playlists
Quests
Create
Leaderboards
Showdown
Live 5
Trivia Bingo
Activity
Puzzle Library
Sporcle Events
Private Events
Virtual Trivia
Globe League
Become a Host
Pub Owners
SporcleCon
Opinionation
Our Games
Videos
Blog
Mobile Apps
Partnerships
Remove Ads and Go Orange
Feedback
Sports
Athletes
MLB
NBA
NHL
NFL
Soccer
Sports Teams
WWE
NCAA
Football
Premier League
Basketball
Baseball
Hockey
Golf
Tennis
Cricket
Rugby
Auto Racing
Olympics
World Cup
Sports
Athletes
MLB
NBA
NHL
NFL
Soccer
Sports Teams
WWE
NCAA
Football
Premier League
Basketball
Baseball
Hockey
Golf
Tennis
Cricket
Rugby
Auto Racing
Olympics
World Cup
Random Quiz
Search Sporcle
×
Quiz Lab
Quiz Lab
Sports
NCAA
Type in answers that appear in a list
Type in answers that appear in a list
Classic
Best Score? Go Orange.
NCAA Football Final AP Poll Top 5 Since 1990 Stats
Can you name the Top 5 finishers in the AP Poll Since 1990?
By
bow5136
8m
140 Questions
960 Plays
960 Plays
960 Plays
Comments
Comments
Give Quiz Kudos
Give Quiz Kudos
-
- Ratings
hide this ad
Replay
Link that replays current quiz
Next Quiz
Link to next quiz in quiz playlist
You Got
0%
They Got
Avg Score
91%
Avg Friend Score
Upgrade to see
Score Distribution
Jump to the score distribution portion of the page
Score
0/140
Timer
08:00
0
Plays Today
Year
School
% Correct
2016
2. Alabama
99.8%
2017
1. Alabama
99.8%
1991
5. Alabama
99.7%
1992
1. Alabama
99.7%
2009
1. Alabama
99.7%
2011
1. Alabama
99.7%
2012
1. Alabama
99.7%
2014
4. Alabama
99.7%
2015
1. Alabama
99.7%
1994
5. Alabama
99.6%
1993
5. Florida
99.5%
1995
2. Florida
99.5%
1996
1. Florida
99.5%
1997
4. Florida
99.5%
1998
5. Florida
99.5%
2001
3. Florida
99.5%
2006
1. Florida
99.5%
2008
1. Florida
99.5%
2009
3. Florida
99.5%
2017
3. Oklahoma
99%
1990
4. Florida State
99%
1991
4. Florida State
99%
1992
2. Florida State
99%
1993
1. Florida State
99%
1994
4. Florida State
99%
1995
4. Florida State
99%
1996
3. Florida State
99%
1997
3. Florida State
99%
1998
3. Florida State
99%
1999
1. Florida State
99%
2000
5. Florida State
99%
2013
1. Florida State
99%
2014
5. Florida State
99%
1996
2. Ohio State
98.9%
1998
2. Ohio State
98.9%
2002
1. Ohio State
98.9%
2003
4. Ohio State
98.9%
2005
4. Ohio State
98.9%
2006
2. Ohio State
98.9%
2007
5. Ohio State
98.9%
2009
5. Ohio State
98.9%
2010
5. Ohio State
98.9%
2012
3. Ohio State
98.9%
2014
1. Ohio State
98.9%
2015
4. Ohio State
98.9%
2017
5. Ohio State
98.8%
2000
1. Oklahoma
98.6%
Year
School
% Correct
2002
5. Oklahoma
98.6%
2003
3. Oklahoma
98.6%
2004
3. Oklahoma
98.6%
2008
5. Oklahoma
98.6%
2015
5. Oklahoma
98.6%
1992
5. Michigan
98.5%
1997
1. Michigan
98.5%
1999
5. Michigan
98.5%
2016
5. Oklahoma
98.4%
2017
2. Georgia
98.4%
2001
5. Texas
98.3%
2004
5. Texas
98.3%
2005
1. Texas
98.3%
2008
4. Texas
98.3%
2009
2. Texas
98.3%
2002
4. Southern California
97.8%
2003
1. Southern California
97.8%
2003
2. Louisiana State
97.8%
2004
1. Southern California
97.8%
2005
2. Southern California
97.8%
2006
3. Louisiana State
97.8%
2006
4. Southern California
97.8%
2007
1. Louisiana State
97.8%
2007
3. Southern California
97.8%
2008
3. Southern California
97.8%
2011
2. Louisiana State
97.8%
2016
1. Clemson
97.7%
2017
4. Clemson
97.7%
2002
3. Georgia
97.2%
2007
2. Georgia
97.2%
2012
5. Georgia
97.2%
2001
2. Oregon
97%
2010
3. Oregon
97%
2011
4. Oregon
97%
2012
2. Oregon
97%
2014
2. Oregon
97%
1993
4. Auburn
96.8%
2004
2. Auburn
96.8%
2010
1. Auburn
96.8%
2013
2. Auburn
96.8%
2016
3. Southern California
96.7%
1990
3. Miami (FL)
96.2%
1991
1. Miami (FL)
96.2%
1992
3. Miami (FL)
96.2%
2000
2. Miami (FL)
96.2%
2001
1. Miami (FL)
96.2%
2002
2. Miami (FL)
96.2%
Year
School
% Correct
2003
5. Miami (FL)
96.2%
2015
2. Clemson
96.2%
2016
4. Washington
95.1%
1990
5. Washington
94.6%
1991
2. Washington
94.6%
2000
3. Washington
94.6%
2013
3. Michigan State
94.2%
1993
3. Nebraska
94%
1994
1. Nebraska
94%
1995
1. Nebraska
94%
1997
2. Nebraska
94%
1999
3. Nebraska
94%
1995
3. Tennessee
93.5%
1998
1. Tennessee
93.5%
2001
4. Tennessee
93.5%
1992
4. Notre Dame
92.6%
1993
2. Notre Dame
92.6%
2012
4. Notre Dame
92.6%
1991
3. Penn State
90.9%
1994
2. Penn State
90.9%
2005
3. Penn State
90.9%
1997
5. UCLA
90.6%
1990
1. Colorado
88.8%
1994
3. Colorado
88.8%
1995
5. Colorado
88.8%
1999
4. Wisconsin
87.2%
1990
2. Georgia Tech
87.1%
2011
3. Oklahoma State
87%
2010
2. Texas Christian
86%
2014
3. Texas Christian
86%
2010
4. Stanford
85.7%
2015
3. Stanford
85.7%
2006
5. Boise State
85.6%
2009
4. Boise State
85.6%
1999
2. Virginia Tech
84.3%
2004
4. Utah
83.7%
2008
2. Utah
83.7%
1998
4. Arizona
83.6%
1996
4. Arizona State
79.9%
2011
5. Arkansas
79.1%
2007
4. Missouri
77.4%
2013
5. Missouri
77.4%
2013
4. South Carolina
74.2%
2000
4. Oregon State
74%
2005
5. West Virginia
73.6%
1996
5. Brigham Young
70.3%
Quiz Playlist
Details
Report
Send in Message
Add To Playlist
Classic:
Type in answers that appear in a list
Last Updated: Jan 9, 2018
Quiz Scoreboard
CHALLENGE
Sign Up to Join the Scoreboard
Show All
Scores
Hide
Comments
May contain spoilers
Recently Published
Colored Red Africa Blitz
by spor1
Geography
30s
Find the 'City' Movie
by crazypaving
Movies
60s
5x2 Blitz: Bands
by SL_Kpop136
Music
30s
More to Explore
Quiz From the Vault
Featured Blog Post
14 Easter Pick-up Lines to Find Eggs With
hide this ad
You Might Also Like...
Tags
NCAA Quiz
AP Poll
Football Poll
NCAA Football
NCAA Sports
SEC Football
Today's Top Quizzes in Sports
Browse Sports
hide this ad
Today's Top Quizzes in NCAA
Browse NCAA
Top Contributed Quizzes in Sports
1
Players with Multiple 50 Home Run Seasons
2
Les entraîneurs de l'OM et du PSG au 21e siècle
3
Criteria MLB: Left Handed Sluggers
4
2022 World Cup Stars
5
Les meilleurs buteurs des matchs entre le PSG et l’OM
6
Who Hit More Homers?
7
Les joueurs passés par le PSG et l'OM
8
NBA Logic Puzzle 2.0
9
Top 10 NHL Goal Scorers of All Time
10
MLB Players with Two .350 Batting Average Seasons
Explore More
Trending Topics
Crossword
Harry Potter
Kpop
Disney
NBA
Marvel
Anime
Puzzle
WWE
NFL
Country
Soccer
Song
Pokémon
The Office
hide this ad
More By:
bow5136
Quiz
Plays
Rating
Category
Featured
Created
College World Series Participants Since 2000
1,758
5.00
Sports
Apr 11, 2016
NCAA Football Final AP Poll Top 5 Since 1990
960
4.75
Sports
Apr 12, 2016
NCAA Men's Basketball Final Top 25 Since 2010
532
5.00
Sports
Feb 15, 2017
NCAA Men's Final Four, 1939-1984
484
4.71
Sports
Apr 5, 2016
NCAA Men's Final Four (Since Expansion in 1985)
484
3.83
Sports
Apr 5, 2016
Go to Creator's Profile
Score Distribution
Quiz Creator Spotlight
bow5136
Follow
Send a Message
Quizzes Created
-
Created Quiz Play Count
-
More By This Creator
Popular Quizzes Today
1
Colored Red Africa Blitz
2
Find the 'City' Movie
3
Find the US States - No Outlines Minefield
4
5x2 Blitz: Bands
5
The Countries of the World
6
Find the US States
7
US States
8
9x9 Crossword: Cartoon Network
More Sports Quizzes
Ashes Winners Slideshow
Curator's Pick
Trending Quizzes
Colored Red Europe Blitz I
Colored Red Europe Blitz II
Colored Red Africa Blitz II
Colored Red Africa Blitz III
Colored Red Europe Blitz III
Recently Updated
2024 March Madness Bracket
pecheneg
Famous TV Couples
Peacemaker
Champions League XIs: Real Madrid
pecheneg
Largest US Cities 1790-2010
pecheneg
Rides in Walt Disney World
pecheneg
Most Oscar Losses (Acting)
pecheneg
Beyoncé Albums
pecheneg
Leaping Animals
pecheneg
Reality TV Shows (A-Z)
bhenderson79
Rickey Henderson's Hall of Fame Teammates
pecheneg
Trending Topics
Anime
Disney
Crossword
NBA
Marvel
Kpop
Harry Potter
NFL
Puzzle
Song
The Office
Country
Pokémon
WWE
Soccer
Your Account Isn't Verified!
In order to create a playlist on Sporcle, you need to verify the email address you used during registration. Go to your
Sporcle Settings
to finish the process.
Report this User
Report this user for behavior that violates our
Community Guidelines
.
Details:
Send Report
Go to the Sporcle.com Mobile Site →
Comments